[Event "Guernsey Holiday"]
[Site "?"]
[Date "2007.10.27"]
[Round "7"]
[White "Brooker, Chris H"]
[Black "Palmer, Eric L"]
[Result "1/2-1/2"]
[WhiteElo "1670"]
[BlackElo "1566"]
[PlyCount "94"]
[EventDate "2007.11.23"]

1. f4 d5 2. e3 Nf6 3. Nf3 Bg4 4. b3 g6 5. Bb2 Bg7 6. Be2 Bxf3 7. Bxf3 c6 8. O-O
e6 9. Nc3 O-O 10. Ne2 Nbd7 11. g4 Ne4 12. Bxg7 Kxg7 13. d3 Nd6 14. Ng3 f5 15.
Qe1 h6 16. Kg2 Qf6 17. h4 e5 18. g5 hxg5 19. hxg5 Qe6 20. Qc3 Kf7 21. Rh1 Rh8
22. a4 Rag8 23. Rae1 Qe8 24. d4 e4 25. Be2 Kg7 26. Qb4 Qf8 27. c4 Rxh1 28. Rxh1
b6 29. cxd5 cxd5 30. Qc3 Qc8 31. Rc1 Qxc3 32. Rxc3 Rc8 33. Rxc8 Nxc8 34. Ba6
Ne7 35. Ne2 Kf7 36. Nc3 Ke6 37. Nb5 Nb8 38. Bb7 Nbc6 39. Kf2 Kd7 40. Ke2 a5 41.
Bxc6+ Nxc6 42. Kd2 Nb4 43. Na3 Kd6 44. Nc2 Nxc2 45. Kxc2 Kc6 46. b4 Kd6 47. Kb3
Kc6 1/2-1/2

[Event "Guernsey Holiday"]
[Site "?"]
[Date "2007.10.27"]
[Round "7"]
[White "Foster, Paul"]
[Black "Onwezen, Eric"]
[Result "1-0"]
[WhiteElo "1488"]
[BlackElo "1621"]
[PlyCount "73"]
[EventDate "2007.11.23"]

1. e4 e5 2. Nf3 Nc6 3. Bc4 Be7 4. c3 Nf6 5. d3 d6 6. Nbd2 O-O 7. O-O Na5 8. Bb5
Bd7 9. Bxd7 Qxd7 10. b4 Nc6 11. Nc4 a5 12. b5 Nd8 13. a4 b6 14. Ba3 Ne6 15. Ne3
Nf4 16. Nf5 Rfe8 17. Bc1 Ng6 18. h3 d5 19. Qe2 c5 20. Bg5 Qe6 21. N3h4 Nxh4 22.
Bxh4 g6 23. Nxe7+ Qxe7 24. Qf3 Kg7 25. Rfe1 Qd6 26. Bxf6+ Qxf6 27. Qxf6+ Kxf6
28. exd5 Kg5 29. Re3 f5 30. Rae1 Kf6 31. f4 e4 32. Kf2 c4 33. dxe4 fxe4 34.
Rxe4 Red8 35. Rd1 Kf5 36. Kf3 g5 37. g4+ 1-0

[Event "Guernsey Holiday"]
[Site "?"]
[Date "2007.10.27"]
[Round "7"]
[White "Jongerius, M.."]
[Black "Randall, David C"]
[Result "1/2-1/2"]
[WhiteElo "1592"]
[BlackElo "1568"]
[PlyCount "59"]
[EventDate "2007.11.23"]

1. e4 c5 2. Nf3 Nc6 3. c3 e6 4. d4 cxd4 5. cxd4 d5 6. exd5 exd5 7. Be2 Bb4+ 8.
Nc3 Nf6 9. O-O O-O 10. Bg5 Bxc3 11. bxc3 Qd6 12. Qc2 h6 13. Bh4 Be6 14. Bg3 Qa3
15. Rab1 b6 16. Rb3 Qe7 17. Ne5 Nxe5 18. Bxe5 Nd7 19. Bg3 f5 20. f3 f4 21. Bf2
Qg5 22. h4 Qf6 23. g4 fxg3 24. Bxg3 Bf5 25. Qd2 Qg6 26. Kh2 Rfe8 27. Rg1 Qe6
28. Re1 Qf7 29. Rg1 Qe6 30. Re1 1/2-1/2

[Event "Guernsey Holiday"]
[Site "?"]
[Date "2007.10.27"]
[Round "7"]
[White "O'Connor, J.."]
[Black "Silverstein, Ben"]
[Result "0-1"]
[WhiteElo "1591"]
[BlackElo "1464"]
[PlyCount "116"]
[EventDate "2007.11.23"]

1. e4 d5 2. exd5 Qxd5 3. Nc3 Qd6 4. d4 Nf6 5. Bc4 a6 6. a4 e6 7. Be3 b6 8. Qf3
Nc6 9. Bb3 Bb7 10. Nge2 Na5 11. Qh3 Nxb3 12. cxb3 Qb4 13. Ra3 Qa5 14. Ra2 Ne4
15. O-O O-O-O 16. f3 Nf6 17. Bf4 Qb4 18. Rc1 Rxd4 19. Bxc7 Bc5 20. Nxd4 Qxd4+
21. Kh1 Kxc7 22. Qg3+ Kc8 23. b4 Nh5 24. Qg5 Nf4 25. bxc5 Nd3 26. Rf1 Nf2+ 27.
Rxf2 Qxf2 28. Qc1 Qxc5 29. b4 Qc6 30. Rc2 Kb8 31. b5 Qd6 32. bxa6 Bxa6 33. Nb5
Bxb5 34. axb5 Rd8 35. Qg1 Qd1 36. Rc1 Qxg1+ 37. Kxg1 Rd5 38. Rb1 Kc7 39. Kf2
Kd6 40. Ke3 Kc5 41. g4 Kc4 42. Rc1+ Kxb5 43. Rc7 Kb4 44. Rxf7 Rg5 45. h4 Rg6
46. Rf4+ Kc3 47. Ra4 b5 48. Ra3+ Kb2 49. Ra5 b4 50. Kd2 Rf6 51. Rb5 b3 52. Rb7
Rxf3 53. Rxg7 Rf4 54. Rxh7 Rxg4 55. Re7 Rg2+ 56. Kd1 Ka1 57. Ra7+ Ra2 58. Rxa2+
Kxa2 0-1

[Event "Guernsey Holiday"]
[Site "?"]
[Date "2007.10.27"]
[Round "7"]
[White "Collins, Alan"]
[Black "Carlucci, Frank"]
[Result "0-1"]
[WhiteElo "1504"]
[BlackElo "1552"]
[PlyCount "52"]
[EventDate "2007.11.23"]

1. d4 Nf6 2. c4 g6 3. Nc3 d5 4. cxd5 Nxd5 5. e4 Nxc3 6. bxc3 Bg7 7. Be3 c5 8.
Bb5+ Bd7 9. Bxd7+ Nxd7 10. Nf3 Qa5 11. Qd2 Nb6 12. Rc1 Nc4 13. Qe2 b5 14. O-O
O-O 15. e5 e6 16. Ne1 cxd4 17. Bxd4 Qc7 18. f4 Rfd8 19. Nf3 Rd7 20. a4 bxa4 21.
Ra1 a3 22. Nd2 Nxd2 23. Qxd2 Bf8 24. Qe3 Rb8 25. g4 Rb2 26. c4 Rxd4 0-1

[Event "Guernsey Holiday"]
[Site "?"]
[Date "2007.10.27"]
[Round "7"]
[White "Nalichowski, Bogdan"]
[Black "Naldrett, Geoffrey W"]
[Result "0-1"]
[WhiteElo "1458"]
[BlackElo "1520"]
[PlyCount "120"]
[EventDate "2007.11.23"]

1. e4 e5 2. f4 d6 3. Nf3 Nc6 4. Bb5 exf4 5. d4 Bd7 6. O-O Be7 7. Bxf4 Nf6 8.
Nbd2 a6 9. Ba4 O-O 10. c3 b5 11. Bc2 Re8 12. Bb1 Bg4 13. Qc2 Bh5 14. a3 Bg6 15.
Nh4 Nh5 16. Nxg6 hxg6 17. b4 Bg5 18. Bxg5 Qxg5 19. Qd3 Re7 20. Rf2 Rae8 21. Ba2
Nf6 22. Raf1 Rf8 23. Rf3 Nh5 24. h4 Qxh4 25. e5 dxe5 26. Qxg6 Nf4 27. Qe4 Qg4
28. R1f2 Qd7 29. dxe5 Nxe5 30. Qxf4 Nxf3+ 31. Rxf3 Re1+ 32. Nf1 Ra1 33. Bb3
Rxa3 34. Bc2 Qd6 35. Qh4 Qh6 36. Qg4 g6 37. Rh3 Qg7 38. Qg3 f5 39. Qd3 Re8 40.
Rg3 Qf7 41. Bd1 Kg7 42. Ne3 f4 43. Nf5+ Kf8 44. Nh6 Re1+ 45. Kf2 fxg3+ 46. Kxg3
Qf6 47. Kg4 Qe6+ 48. Kg5 Re5+ 49. Kf4 Qf6+ 50. Kg3 Rg5+ 51. Ng4 Rxc3 52. Kh2
Rh5+ 53. Kg1 Qb6+ 54. Nf2 Rxd3 55. Bxh5 gxh5 56. Kf1 Rb3 57. Nh3 Qe3 58. g3
Qxg3 59. Nf2 Rb2 60. Nd1 Qg2+ 0-1

[Event "Guernsey Holiday"]
[Site "?"]
[Date "2007.10.27"]
[Round "7"]
[White "Timmerman, Peter"]
[Black "Foster, James M"]
[Result "0-1"]
[WhiteElo "1589"]
[BlackElo "1432"]
[PlyCount "44"]
[EventDate "2007.11.23"]

1. e4 e6 2. d4 d5 3. exd5 exd5 4. Nc3 Nf6 5. Nf3 c6 6. Be2 Bd6 7. Bg5 Be6 8.
Ne5 Qc7 9. f4 Nbd7 10. Qd3 O-O-O 11. O-O-O Rde8 12. h3 Ne4 13. Bh4 f6 14. Ng4
Bxf4+ 15. Kb1 Bf5 16. Nxe4 Bxe4 17. Qa3 Kb8 18. Bf3 f5 19. Bxe4 Rxe4 20. Nf2
Bd6 21. Nxe4 Bxa3 22. Rd3 dxe4 0-1

[Event "Guernsey Holiday"]
[Site "?"]
[Date "2007.10.27"]
[Round "7"]
[White "Ainscow, Faye"]
[Black "Haisma, Henk"]
[Result "0-1"]
[WhiteElo "1336"]
[BlackElo "1692"]
[PlyCount "92"]
[EventDate "2007.11.23"]

1. e4 c5 2. f4 Nc6 3. Nf3 d6 4. Bc4 e6 5. c3 Nf6 6. d3 d5 7. exd5 exd5 8. Bb5
Bd7 9. O-O Be7 10. b3 O-O 11. Na3 Qc7 12. Bxc6 bxc6 13. Ne5 Bc8 14. Nc2 Bd6 15.
d4 Ne4 16. Bb2 f6 17. Nd3 Ba6 18. g3 cxd4 19. cxd4 Kh8 20. Ne3 Qf7 21. Nf5 Qg6
22. Nh4 Qf7 23. Rf3 Bc8 24. Re3 Bd7 25. Qe2 h5 26. f5 Kg8 27. Ng6 Bxf5 28. Nxf8
Bg4 29. Qg2 Rxf8 30. h3 Bd7 31. Rf1 Qg6 32. Nf4 Qh6 33. Bc1 g5 34. Ne2 Qg6 35.
g4 hxg4 36. hxg4 Kg7 37. Rh3 f5 38. gxf5 Bxf5 39. Rh1 Qf6 40. Be3 Kf7 41. Qf3
Ke6 42. Qh5 Qe7 43. Qh6+ Kd7 44. Qh5 Ng3 45. Nxg3 Qxe3+ 46. Rf2 Qxg3+ 0-1

[Event "Guernsey Holiday"]
[Site "?"]
[Date "2007.10.27"]
[Round "7"]
[White "Harnden, Terry W"]
[Black "Hoare, Amy"]
[Result "0-1"]
[WhiteElo "1485"]
[BlackElo "904"]
[PlyCount "62"]
[EventDate "2007.11.23"]

1. e4 e5 2. Nf3 Nc6 3. Bb5 a6 4. Ba4 Bc5 5. c3 Nf6 6. d4 exd4 7. cxd4 Bb4+ 8.
Nc3 Nxe4 9. Qe2 Qe7 10. Bd2 Nxd2 11. Qxe7+ Bxe7 12. Bxc6 dxc6 13. Nxd2 Bf5 14.
O-O O-O-O 15. Nb3 Be6 16. Rad1 Bxb3 17. axb3 Bf6 18. Ne2 Rhe8 19. Rfe1 Bxd4 20.
Nxd4 Rxe1+ 21. Rxe1 Rxd4 22. g3 Kd7 23. Kg2 f6 24. Re2 Rd3 25. h3 Rxb3 26. Rd2+
Ke7 27. Re2+ Kf7 28. Rd2 Kg6 29. Rd7 Rxb2 30. Rxc7 a5 31. Rc8 a4 0-1

[Event "Guernsey Holiday"]
[Site "?"]
[Date "2007.10.27"]
[Round "7"]
[White "Welch, Hazel"]
[Black "Van Rooijen, Gerardus C"]
[Result "1/2-1/2"]
[WhiteElo "1368"]
[BlackElo "1480"]
[PlyCount "59"]
[EventDate "2007.11.23"]

1. d4 d5 2. Nf3 Nf6 3. c4 e6 4. g3 Nbd7 5. Bg2 c5 6. cxd5 Nxd5 7. O-O Be7 8. e3
O-O 9. Nc3 N7f6 10. a3 Bd7 11. Ne5 Nxc3 12. bxc3 Rb8 13. Nxd7 Nxd7 14. a4 Nf6
15. Bb2 b6 16. Qc2 cxd4 17. cxd4 Rc8 18. Qb3 Qd6 19. Ba3 Qd8 20. Rfc1 Bxa3 21.
Qxa3 Rxc1+ 22. Rxc1 Qb8 23. Rc6 Rc8 24. Qc3 Rxc6 25. Qxc6 Ne8 26. e4 g6 27. d5
exd5 28. exd5 Nd6 29. Bf1 Kg7 30. Qc3+ 1/2-1/2

[Event "Guernsey Holiday"]
[Site "?"]
[Date "2007.10.27"]
[Round "7"]
[White "Cox, John"]
[Black "Bennett, DW.."]
[Result "1-0"]
[WhiteElo "1460"]
[BlackElo "1112"]
[PlyCount "53"]
[EventDate "2007.11.23"]

1. e4 e6 2. d4 c5 3. dxc5 Bxc5 4. Nc3 Qb6 5. Qe2 Nc6 6. Nf3 Nd4 7. Nxd4 Bxd4 8.
Nb5 Bc5 9. Be3 Bxe3 10. Qxe3 Qc6 11. O-O-O Nf6 12. Nd6+ Ke7 13. f3 h6 14. Qa3
b6 15. Nxc8+ Kd8 16. Nd6 Kc7 17. Nxf7 Rhf8 18. Nd6 a6 19. Rd3 a5 20. Rc3 Qxc3
21. Qxc3+ Kxd6 22. e5+ Ke7 23. exf6+ Rxf6 24. Bb5 Rf5 25. Qxg7+ Kd6 26. Qxd7+
Kc5 27. Qc6+ 1-0

[Event "Guernsey Holiday"]
[Site "?"]
[Date "2007.10.27"]
[Round "7"]
[White "Beadle, John R"]
[Black "Herschmann, Heinz"]
[Result "1/2-1/2"]
[WhiteElo "1400"]
[BlackElo "1320"]
[PlyCount "102"]
[EventDate "2007.11.23"]

1. e4 e5 2. Nf3 d6 3. c3 Be7 4. d4 exd4 5. cxd4 Bg4 6. Nc3 Nf6 7. Bd3 O-O 8. d5
Nbd7 9. O-O Ne5 10. Be2 Nxf3+ 11. Bxf3 Bxf3 12. Qxf3 h6 13. b4 Nh7 14. Bb2 Bf6
15. Rab1 a6 16. Ne2 Bxb2 17. Rxb2 Qf6 18. Qxf6 Nxf6 19. f3 Nd7 20. Rc2 c5 21.
dxc6 bxc6 22. Rxc6 Ne5 23. Rxd6 Rfb8 24. a3 f6 25. Rc1 Rd8 26. Rxd8+ Rxd8 27.
Nf4 Kf7 28. Rc7+ Rd7 29. Rxd7+ Nxd7 30. Kf2 Nb6 31. Nd5 Nc4 32. Nc7 Nxa3 33.
Nxa6 Ke7 34. Ke2 Kd6 35. Nc5 Nc2 36. Nd3 g6 37. f4 g5 38. e5+ fxe5 39. fxe5+
Kd5 40. Kf3 h5 41. Ke2 Nd4+ 42. Kd2 Nb5 43. Ke3 Nd4 44. g3 Nb5 45. h4 gxh4 46.
gxh4 Nd4 47. Kf4 Kc4 48. Nb2+ Kxb4 49. Kg5 Nf3+ 50. Kxh5 Nxe5 51. Kg5 Nf3+
1/2-1/2

[Event "Guernsey Holiday"]
[Site "?"]
[Date "2007.10.27"]
[Round "7"]
[White "Newrick, William R"]
[Black "Brown, Jim"]
[Result "1/2-1/2"]
[WhiteElo "1363"]
[BlackElo "1144"]
[PlyCount "33"]
[EventDate "2007.11.23"]

1. d4 d6 2. Nf3 Nd7 3. e3 c6 4. b3 d5 5. Bb2 Ngf6 6. Nbd2 e6 7. Bd3 Bd6 8. O-O
O-O 9. e4 dxe4 10. Nxe4 Nxe4 11. Bxe4 Nf6 12. Re1 Re8 13. Bd3 h6 14. h3 b5 15.
c4 bxc4 16. Bxc4 Bb7 17. Ne5 1/2-1/2

[Event "Guernsey Holiday"]
[Site "?"]
[Date "2007.10.27"]
[Round "7"]
[White "Le Maitre, Richard"]
[Black "Stoop, Michael"]
[Result "1-0"]
[WhiteElo "1270"]
[BlackElo "1056"]
[PlyCount "45"]
[EventDate "2007.11.23"]

1. e4 d5 2. exd5 Nf6 3. d4 Bg4 4. Be2 Bxe2 5. Qxe2 Qxd5 6. Nf3 e6 7. O-O Be7 8.
Re1 c6 9. c4 Qa5 10. Nc3 O-O 11. Bf4 Nbd7 12. Ne5 Nxe5 13. dxe5 Nd7 14. Qg4 Kh8
15. Re3 Rg8 16. Rh3 Nf8 17. Ne4 f5 18. exf6 gxf6 19. Qf3 Ng6 20. Bd6 f5 21.
Bxe7 Nxe7 22. Nf6 Rg7 23. Qh5 1-0

[Event "Guernsey Holiday"]
[Site "?"]
[Date "2007.10.27"]
[Round "7"]
[White "Lowe, Greg"]
[Black "Rodrigues, Benedict"]
[Result "0-1"]
[WhiteElo "1364"]
[BlackElo "944"]
[PlyCount "90"]
[EventDate "2007.11.23"]

1. e4 e5 2. Nf3 Nc6 3. Bb5 a6 4. Ba4 Nf6 5. O-O Be7 6. Re1 b5 7. Bb3 Na5 8. c3
Nxb3 9. Qxb3 d6 10. d4 Be6 11. d5 Bd7 12. Bd2 O-O 13. Qd1 c6 14. Bg5 cxd5 15.
Bxf6 Bxf6 16. exd5 Bg4 17. Nbd2 Re8 18. Ne4 Be7 19. h3 Bh5 20. Qd3 Bg6 21. Re3
f5 22. Nc5 f4 23. Ne6 Qd7 24. Qd2 fxe3 25. Qxe3 Bf7 26. Neg5 Bxg5 27. Nxg5 Bxd5
28. Nxh7 Kxh7 29. Qd3+ Kh8 30. Qxd5 Qe6 31. Qd3 e4 32. Qe3 Qh6 33. Qxh6+ gxh6
34. Re1 Re6 35. f4 d5 36. g4 Rf8 37. f5 Re5 38. Re3 h5 39. Kg2 hxg4 40. hxg4
Rg8 41. Kh3 Kh7 42. Kh4 Kh6 43. f6 Kg6 44. g5 Rxg5 45. Rg3 Rh8# 0-1

[Event "Guernsey Holiday"]
[Site "?"]
[Date "2007.10.27"]
[Round "7"]
[White "Cox, Reginald E"]
[Black "Carrick, Peter"]
[Result "1/2-1/2"]
[WhiteElo "1136"]
[BlackElo "1304"]
[PlyCount "121"]
[EventDate "2007.11.23"]

1. Nf3 d5 2. d4 e6 3. Nc3 Nf6 4. Bd2 a6 5. e3 Bd6 6. Bd3 Nbd7 7. O-O c5 8. dxc5
Nxc5 9. Re1 e5 10. e4 Nxd3 11. cxd3 d4 12. Ne2 O-O 13. h3 Be6 14. b3 Rc8 15.
Rc1 Qb6 16. Bg5 Qd8 17. Rxc8 Bxc8 18. Qc1 Re8 19. Bxf6 Qxf6 20. Qg5 Qxg5 21.
Nxg5 f6 22. Nf3 f5 23. exf5 Bxf5 24. Nexd4 Bxd3 25. Rd1 Be4 26. Ne2 Bxf3 27.
gxf3 Rd8 28. Kg2 Kf7 29. Ng3 g6 30. Ne4 Ke7 31. Ng5 h6 32. Ne4 Bc7 33. Rxd8
Kxd8 34. Nc5 Kc8 35. Ne6 Kb8 36. h4 g5 37. hxg5 hxg5 38. Nxg5 Kc8 39. Kh3 Kd7
40. Kg4 Kd6 41. Kf5 Kd5 42. Ne4 Bb6 43. Nf6+ Kd6 44. Ne4+ Kd5 45. f4 Bc7 46.
Nf6+ Kd4 47. fxe5 Bxe5 48. f4 Bxf4 49. Kxf4 Kc3 50. Nd5+ Kb2 51. b4 Kxa2 52.
Ke4 Kb3 53. Kd4 b6 54. Kd3 a5 55. b5 a4 56. Nc3 Kb4 57. Kd4 a3 58. Kd5 a2 59.
Nxa2+ Kxb5 60. Nc3+ Kb4 61. Kc6 1/2-1/2

[Event "Guernsey Holiday"]
[Site "?"]
[Date "2008.10.19"]
[Round "1"]
[White "Randall, David Charles"]
[Black "Van Hoek, Wim J"]
[Result "1-0"]
[WhiteElo "1576"]
[BlackElo "1751"]
[PlyCount "89"]
[EventDate "2008.10.19"]

1. e4 e5 2. f4 Bc5 3. Nf3 d6 4. Nc3 Nf6 5. d4 exd4 6. Nxd4 Qe7 7. Qd3 O-O 8.
Be3 Re8 9. O-O-O Nxe4 10. Nd5 Qd8 11. Be2 c6 12. Nc3 Nxc3 13. Qxc3 Nd7 14. Bf3
Nf6 15. Rhe1 Qb6 16. a3 a5 17. h3 Bd7 18. Bf2 Nd5 19. Bxd5 cxd5 20. g4 Re4 21.
Rxe4 dxe4 22. f5 Re8 23. Be3 Rc8 24. Qe1 Ba4 25. Rd2 d5 26. f6 Qxf6 27. Nf5
Bxe3 28. Qxe3 g6 29. Qh6 Rc6 30. Nd4 Rd6 31. Qe3 Rd8 32. Rf2 Qg7 33. c3 Bc6 34.
Nxc6 bxc6 35. Qb6 Rd6 36. Qxa5 Qh6+ 37. Kb1 Qxh3 38. Qc7 Qd3+ 39. Ka1 f5 40.
Qxd6 Qd1+ 41. Ka2 e3 42. Qe6+ Kg7 43. Qxe3 Qxg4 44. Qe7+ Kh6 45. Rh2+ 1-0

[Event "Guernsey Holiday"]
[Site "?"]
[Date "2008.10.19"]
[Round "1"]
[White "Hoogakker, Peter"]
[Black "Nalichowski, Bogdan"]
[Result "1/2-1/2"]
[WhiteElo "1736"]
[BlackElo "1537"]
[PlyCount "97"]
[EventDate "2008.10.19"]

1. e4 e5 2. Nf3 Nc6 3. Bc4 h6 4. d3 d6 5. c3 Na5 6. Bb5+ Bd7 7. Bxd7+ Qxd7 8.
Nbd2 b6 9. b4 Nb7 10. Nf1 Be7 11. Ne3 g6 12. O-O Nf6 13. Qc2 Nd8 14. d4 Nc6 15.
d5 Nd8 16. c4 Nh5 17. Bb2 Bg5 18. Rae1 f6 19. Qd1 Nf7 20. Nxg5 hxg5 21. Qg4 Qa4
22. Qe6+ Kf8 23. b5 Nf4 24. Qxf6 Rh6 25. g3 Nd3 26. Re2 Nc5 27. Ng4 Rh7 28.
Qxg6 Rg7 29. Qf6 Kg8 30. Rc1 Rf8 31. Qf3 Rg6 32. Qa3 Nh6 33. Nxh6+ Rxh6 34.
Qxa4 Nxa4 35. Ba3 Rf3 36. Bb4 Rhf6 37. Rcc2 Rd3 38. Rcd2 Rdf3 39. Re3 Kg7 40.
Rxf3 Rxf3 41. Kg2 Rf7 42. Kh3 Rf8 43. Kg4 Kg6 44. h4 gxh4 45. gxh4 Rf4+ 46. Kg3
Rxe4 47. Rc2 Kh5 48. f3 Rxh4 49. Be1 1/2-1/2

[Event "Guernsey Holiday"]
[Site "?"]
[Date "2008.10.19"]
[Round "1"]
[White "Dokter, Marike"]
[Black "Viviani, Mario"]
[Result "1-0"]
[WhiteElo "1539"]
[BlackElo "1733"]
[PlyCount "115"]
[EventDate "2008.10.19"]

1. e4 c6 2. d4 g6 3. Nf3 Bg7 4. Bc4 Nf6 5. Nbd2 O-O 6. Bb3 d6 7. O-O Nbd7 8. c3
Qc7 9. Re1 Re8 10. Ng5 e6 11. Ndf3 Nf8 12. e5 dxe5 13. Nxe5 Re7 14. Bf4 Nh5 15.
Nh3 Nxf4 16. Nxf4 b6 17. Nfd3 Bb7 18. Qc2 Rd8 19. Rad1 Rd6 20. Re3 c5 21. dxc5
bxc5 22. Nc4 Rd5 23. Rde1 Rh5 24. g3 Qc6 25. f3 Bh6 26. Re4 f5 27. Na5 Qb6 28.
Rxe6 Nxe6 29. Bxe6+ Rxe6 30. Rxe6 Qxe6 31. Nxb7 Be3+ 32. Kf1 Qc6 33. Qe2 c4 34.
Ne5 Qxb7 35. Qxe3 Qxb2 36. Nxc4 Qb1+ 37. Kg2 Qxa2+ 38. Nd2 Kf7 39. f4 g5 40.
fxg5 Kg6 41. Qe8+ Qf7 42. Qe3 a5 43. Qb6+ Kg7 44. Qxa5 Rxg5 45. Qe5+ Kg8 46.
Qb8+ Qf8 47. Qb3+ Kh8 48. Nf3 Qg8 49. c4 Qa8 50. Qc3+ Kg8 51. c5 f4 52. Qc4+
Qd5 53. Qxf4 Rf5 54. Qg4+ {(=)} Kf8 55. c6 Ke8 56. c7 Kd7 57. Qg7+ Rf7 58.
Qxf7+ 1-0

[Event "Guernsey Holiday"]
[Site "?"]
[Date "2008.10.19"]
[Round "1"]
[White "Haisma, Henk J"]
[Black "Kirk, M.."]
[Result "1-0"]
[WhiteElo "1732"]
[BlackElo "1494"]
[PlyCount "109"]
[EventDate "2008.10.19"]

1. b4 d5 2. Bb2 Nf6 3. e3 Bf5 4. d3 e6 5. a3 Be7 6. Nf3 h6 7. Be2 Nbd7 8. Nbd2
O-O 9. c4 dxc4 10. Nxc4 b5 11. Na5 Nb6 12. Nc6 Qd6 13. Rc1 Na4 14. Ba1 Bh7 15.
e4 Ne8 16. O-O a5 17. Be5 Qd7 18. Nxa5 c5 19. Qd2 cxb4 20. axb4 Bf6 21. Bxf6
Nxf6 22. Ne5 Qd6 23. Nf3 e5 24. Rc6 Qd8 25. Rfc1 Re8 26. Qa2 Kh8 27. Qxf7 Bg8
28. Qg6 Bh7 29. Qf7 Bg8 30. Qc7 Qxc7 31. Rxc7 Rad8 32. Nc6 Rc8 33. Ncxe5 Rxc7
34. Rxc7 Rd8 35. Nf7+ Bxf7 36. Rxf7 Nc3 37. Bf1 Ra8 38. Rc7 Na2 39. Rb7 Nxb4
40. Rxb5 Nc2 41. Rb1 Rd8 42. Ne5 Kg8 43. Nc6 Rd6 44. Ne7+ Kf7 45. Nf5 Rd7 46.
f3 Nd4 47. Nxd4 Rxd4 48. Kf2 g5 49. Ke3 Rd8 50. d4 Nd7 51. Rb7 Kg6 52. Bd3 Kf6
53. Bb5 Nf8 54. e5+ Kg6 55. g4 1-0

[Event "Guernsey Holiday"]
[Site "?"]
[Date "2008.10.19"]
[Round "1"]
[White "Foster, P.."]
[Black "Wood, PC.."]
[Result "1/2-1/2"]
[WhiteElo "1488"]
[BlackElo "1664"]
[PlyCount "110"]
[EventDate "2008.10.19"]

1. e4 e6 2. d4 d5 3. e5 Qd7 4. f4 b6 5. Nf3 Ba6 6. Bd3 Bxd3 7. Qxd3 c5 8. c3
Nc6 9. a3 cxd4 10. cxd4 Nge7 11. Nc3 h5 12. Nh4 g6 13. O-O Nxd4 14. b4 Nef5 15.
Nxf5 Nxf5 16. Bb2 Be7 17. Rac1 O-O 18. Rc2 Rfc8 19. Rfc1 Rc4 20. Ne2 Rxc2 21.
Rxc2 Rc8 22. Rxc8+ Qxc8 23. g3 a6 24. Kg2 b5 25. Qc3 Qxc3 26. Bxc3 Ne3+ 27. Kf3
Nc4 28. Nd4 Bd8 29. Nc2 Bb6 30. Be1 Kf8 31. Bf2 Bxf2 32. Kxf2 Ke7 33. Ke2 f6
34. exf6+ Kxf6 35. h3 e5 36. fxe5+ Kxe5 37. Kf3 d4 38. Ne1 Nb2 39. Ng2 Kd5 40.
Nf4+ Kc4 41. Nxg6 Kc3 42. Nf4 d3 43. Nd5+ Kd4 44. Ne3 Kc3 45. g4 hxg4+ 46. hxg4
Nc4 47. Nd1+ Kd2 48. Nf2 Ne5+ 49. Kf4 Nxg4 50. Nxg4 Ke2 51. Ke4 d2 52. Ne3 d1=Q
53. Nxd1 Kxd1 54. Kd3 Kc1 55. Kc3 Kd1 1/2-1/2

[Event "Guernsey Holiday"]
[Site "?"]
[Date "2008.10.19"]
[Round "1"]
[White "Jongerius, Marc"]
[Black "Collins, Alan"]
[Result "1/2-1/2"]
[WhiteElo "1658"]
[BlackElo "1464"]
[PlyCount "50"]
[EventDate "2008.10.19"]

1. e4 d5 2. exd5 Qxd5 3. c4 Qa5 4. Nc3 Nf6 5. d4 Bf5 6. Bd2 c6 7. Qf3 e6 8. Nd5
Qd8 9. Nxf6+ gxf6 10. Qb3 Qb6 11. Qc3 Nd7 12. f3 h5 13. c5 Qc7 14. Bd3 Bxd3 15.
Qxd3 O-O-O 16. Qc3 Bh6 17. O-O-O f5 18. Ne2 Bxd2+ 19. Rxd2 Nf6 20. Qa3 Kb8 21.
g3 h4 22. Rdd1 Nd5 23. f4 Rh7 24. Qf3 Rdh8 25. Rdg1 a5 1/2-1/2

[Event "Guernsey Holiday"]
[Site "?"]
[Date "2008.10.19"]
[Round "1"]
[White "Grange, DA.."]
[Black "Norman, Dinah M"]
[Result "0-1"]
[WhiteElo "1400"]
[BlackElo "1656"]
[PlyCount "112"]
[EventDate "2008.10.19"]

1. e4 c6 2. c4 d5 3. exd5 cxd5 4. cxd5 Qxd5 5. Nc3 Qd8 6. Bc4 Nf6 7. Nf3 Nc6 8.
a3 e6 9. O-O Be7 10. d4 O-O 11. h3 a6 12. Re1 b5 13. Ba2 Bb7 14. b4 Qd6 15. d5
exd5 16. Bxd5 Rad8 17. Bb3 Qxd1 18. Bxd1 h6 19. Bb3 Bd6 20. Bb2 Bc7 21. Rad1
Rxd1 22. Nxd1 Bd8 23. Ne3 Re8 24. Nf5 Rf8 25. N3h4 Ba8 26. Nd6 Be7 27. Nhf5
Bxd6 28. Nxd6 Nd8 29. Nf5 Ne8 30. Bd4 Kh7 31. Bc5 Rh8 32. Re7 Bc6 33. Bxf7 Nxf7
34. Rxf7 Kg6 35. Nxh6 gxh6 36. Ra7 Bd5 37. Rxa6+ Kf5 38. Be3 h5 39. Rh6 Rxh6
40. Bxh6 Nd6 41. Kf1 Nc4 42. Bc1 Ne5 43. g3 Nd3 44. g4+ hxg4 45. hxg4+ Kxg4 46.
Be3 Kf3 47. Bb6 Bc4 48. Kg1 Nf4 49. Kh2 Ne2 50. Be3 Nc3 51. Kg1 Nd5 52. Bc5 Nf4
53. Bb6 Nh3+ 54. Kh2 Nxf2 55. Kg1 Ne4 56. Bd4 Ke2 0-1

[Event "Guernsey Holiday"]
[Site "?"]
[Date "2008.10.19"]
[Round "1"]
[White "Kershaw, Graham J"]
[Black "Harnden, Terry W"]
[Result "1-0"]
[WhiteElo "1648"]
[BlackElo "1327"]
[PlyCount "95"]
[EventDate "2008.10.19"]

1. e4 c5 2. Nf3 g6 3. d4 cxd4 4. Nxd4 Nc6 5. c4 Bg7 6. Be3 Nf6 7. Nc3 O-O 8. a3
d6 9. Be2 Bd7 10. O-O a6 11. h3 Rc8 12. f4 e5 13. Nf3 exf4 14. Bxf4 Qb6+ 15. c5
Qxc5+ 16. Kh1 Ne5 17. Nxe5 dxe5 18. Bg5 Qc6 19. Qd3 Rc7 20. Bxf6 Be6 21. Qf3
Bb3 22. Bxg7 Kxg7 23. Qg3 Re7 24. Rac1 Qd6 25. Rf3 f6 26. Rd3 Qb6 27. Nb1 Be6
28. Rd2 Rc7 29. Rc3 Rc6 30. Qe1 Rfc8 31. Qc1 Rc5 32. Qd1 Qc7 33. Kh2 Rxc3 34.
Nxc3 f5 35. Rd6 Qe7 36. Bf3 Rc7 37. Ne2 Rd7 38. Rxd7 Bxd7 39. Qd5 Be6 40. Qd2
b5 41. b4 f4 42. Nc3 Qg5 43. Qf2 Bc4 44. Nd5 h5 45. Nc7 h4 46. Nxa6 Qg3+ 47.
Qxg3 fxg3+ 48. Kg1 1-0

[Event "Guernsey Holiday"]
[Site "?"]
[Date "2008.10.19"]
[Round "1"]
[White "Newrick, William R"]
[Black "Newell, David F"]
[Result "0-1"]
[WhiteElo "1347"]
[BlackElo "1632"]
[PlyCount "46"]
[EventDate "2008.10.19"]

1. d4 e6 2. Nf3 f5 3. c4 Nf6 4. e3 d5 5. Nc3 c6 6. Be2 Bd6 7. O-O Nbd7 8. cxd5
exd5 9. Nd2 O-O 10. f4 Ne4 11. Nf3 Rf6 12. Ne5 Rh6 13. Rf3 Qh4 14. Rh3 Qf2+ 15.
Kh1 Rxh3 16. Nxe4 Rxh2+ 17. Kxh2 fxe4 18. Bg4 Nf6 19. Bxc8 Rxc8 20. Qb3 Bxe5
21. dxe5 Qh4+ 22. Kg1 Ng4 23. Qc2 Qe1# 0-1

[Event "Guernsey Holiday"]
[Site "?"]
[Date "2008.10.19"]
[Round "1"]
[White "Onwezen, Eric"]
[Black "Beadle, JR.."]
[Result "0-1"]
[WhiteElo "1621"]
[BlackElo "1352"]
[PlyCount "42"]
[EventDate "2008.10.19"]

1. e4 c5 2. Nc3 Nc6 3. g3 d6 4. Bg2 g6 5. Nge2 Bg7 6. d3 Nf6 7. Bg5 O-O 8. Qd2
Nd4 9. h3 Rb8 10. g4 a6 11. Ng3 b5 12. Nd5 Bb7 13. Bxf6 exf6 14. O-O-O b4 15.
h4 Re8 16. h5 Qa5 17. Kb1 Nb5 18. hxg6 fxg6 19. Qf4 Bxd5 20. exd5 Nc3+ 21. Ka1
Qxa2# 0-1

[Event "Guernsey Holiday"]
[Site "?"]
[Date "2008.10.19"]
[Round "1"]
[White "Foran, Barry"]
[Black "Kearsley, Raymond J"]
[Result "1/2-1/2"]
[WhiteElo "1310"]
[BlackElo "1608"]
[PlyCount "51"]
[EventDate "2008.10.19"]

1. d4 Nf6 2. Nf3 g6 3. Nc3 d5 4. Bf4 Bg7 5. e3 O-O 6. Be2 c5 7. Ne5 Nc6 8. Qd2
cxd4 9. exd4 Bf5 10. O-O Rc8 11. Na4 Ne4 12. Qd1 Qa5 13. Nxc6 Rxc6 14. c3 b5
15. f3 bxa4 16. fxe4 dxe4 17. Bg4 Bxg4 18. Qxg4 f5 19. Qe2 e5 20. dxe5 Bxe5 21.
Bh6 Bg7 22. Bf4 Be5 23. Bh6 Rd8 24. g4 Qc5+ 25. Kh1 fxg4 26. Qxe4 1/2-1/2

[Event "Guernsey Holiday"]
[Site "?"]
[Date "2008.10.19"]
[Round "1"]
[White "Finch, J Russell"]
[Black "Herschmann, Heinz"]
[Result "1/2-1/2"]
[WhiteElo "1603"]
[BlackElo "1320"]
[PlyCount "52"]
[EventDate "2008.10.19"]

1. d4 d5 2. Nf3 e6 3. e3 Be7 4. c3 Nf6 5. Bd3 Nc6 6. Nbd2 O-O 7. O-O Ne8 8. Qe2
f5 9. Ne5 Nxe5 10. dxe5 g6 11. f4 Ng7 12. Kh1 c6 13. Qf3 c5 14. h3 Bd7 15. c4
Bc6 16. Qe2 Nh5 17. Kh2 Bh4 18. Qd1 Bg3+ 19. Kg1 d4 20. Nb3 b6 21. Be2 dxe3 22.
Bxe3 Qxd1 23. Raxd1 Rfd8 24. Rd2 Rxd2 25. Nxd2 Rd8 26. Nb3 Kf7 1/2-1/2